Capiba é frevo meu bem (Record no. 141487)

MARC details
000 -LÍDER
campo de controle de tamanho fixo 00559 a2200169 4500
001 - NÚMERO DE CONTROLE
campo de controle 141487
040 ## - FONTE DA CATALOGAÇÃO
Instituição que transcreveu o registro Leonardo Da Vinci
082 ## - CDD - CLASSIFICAÇÃO DECIMAL DE DEWEY
Número de Classificação 780.092 C174c
Número do exemplar C174c
100 ## - ENTRADA PRINCIPAL--NOME PESSOAL
Nome pessoal CÂMARA, Renato Phaelante da
-- BARRETO, Aldo Paes
245 ## - TÍTULO
Título Capiba é frevo meu bem
260 ## - PUBLICAÇÃO, DISTRIBUIÇÃO, ETC.
Nome do editor, distribuidor, etc. FUNARTE; Instituto Nacinal de Música - Divisão de Música Popular
Data da publicação, distribuição, etc. 1986
Local de publicação, distribuição, etc. Rio de Janeiro
300 ## - DESCRIÇÃO FÍSICA
Extensão 140
362 ## - DATAS DE PUBLICAÇÃO E/OU DESIGNAÇÃO SEQUENCIAL
Datas de publicação e/ou designação sequencial 19860000
490 ## - TÍTULO DA SÉRIE
Título da série MPB; 20
697 ## - ENTRADA DE ASSUNTO LOCAL--ENTIDADE COLETIVA (RLIN)
Nome corporativo ou nome da jurisdição Artes
-- Música
-- História
-- Popular
-- Compositores
-- Cantores
-- Lourenço da Fonseca Barbosa
-- Brasil
942 ## - ELEMENTOS DE ENTRADA ADICIONADOS (KOHA)
Tipo de material Koha Livros
Holdings
Situação do descarte Situação das perdas Situação física Não pode ser emprestado Biblioteca de origem Biblioteca atual Data de aquisição Total de empréstimos Número de chamada completo Código de barras Data de último acesso Data do preço efetivo Tipo de material Koha
        Leonardo Da Vinci - Osasco Leonardo Da Vinci - Osasco 27/03/2024   780.092 C174c O005373 27/03/2024 27/03/2024 Livros